000 00471nam a2200169 i 4500
001 29173
003 ES-MaACL
005 20230906154002.0
007 t|
008 030121s1922 fr ||||1| fre d
100 1 _aBarbier, H.
_925453
245 1 0 _aOreillons, coqueluche, grippe erysipele medical /
_cH. Barbier.
260 _a[S.l. :
_bs.n.,
_c1922] (
_eOrleam :
_fLoiret)
300 _a308 p. ;
_c18 cm.
650 4 _aTosferina.
_9139259
852 _aES-MaACL
_jB-13455
999 _c29173
_d29173